00787cam a22002417a 4500003000500000005001700005008004100022010001000063011001000073035001000083040000900093100003200102245009500134260009000229300002200319410000900341490004000350500003400390650003800424650003400462810000900496830004000505CHAP20220817043422.0980311d1995 mx a r 00010 spa d a74890 a75862 a85433 cCHAP00aFlores Cáceres, Silverio.10aCaracterísticas de la producción azucarera en Méxicoc/por Silverio Flores Cáceres aMorelia, Mich. :bFideicomisos Instituídos en Relación con la Agricultura,c1995. app. 2-32 :bilus. aFIRA 0aBoletin informativov; XXVIII (277) aEnc. con otro impreso similar14aAzúcarxProducciónxMéxico.14aCaña de azúcarzMéxico. aFIRA0 aBoletin informativov; XXVIII (277)